000 01111nas a2200289 c 4500
003 BLK
005 20240928120315.0
008 180413b bul rap|r|||| |0| c1bulo|
010 _aPRD00003085000
022 _a0324-1319
040 _aBLK
041 _aBUL
_cBUL
080 _aЛитература
_b82
_x
_z82
110 1 _aМНП
_eРед. кол.: Симеон Янев - отг. ред. и др.
_9361246
245 1 0 _aВЪПРОСИ НА ДЕТСКАТА ЛИТЕРАТУРА
_cМНП ; Ред. кол.: Симеон Янев - отг. ред. и др.
_fНачална год. на издаване: № 1, 1964, Крайна год. на издаване: 1989
257 _aBGR
260 София
_bНар. просв.
_c1964
_fВарна : Ст. Добрев-Странджата
300 _c21
310 периодичност: 0
_eсрок за съхранение: 99
380 _a82
852 _aА 2217
856 _qpdf
_u
856 _qpdf
_u
942 _cJOU
_n0
_s1
_01
944 _aCR
_cВаня_Йорданова
_k30550
_lКети Илиева
944 _aED
_c
_k23.10.2014
999 _c294544
_d294544